Tratado de geometría : tercer grado

Gespeichert in:
Bibliographische Detailangaben
1. Verfasser: Bruño, G. M.
Format: Buch
Sprache:Spanisch
Erschienen: Madrid : Bruño, 1950
Katalog:MANES:  Suchergebnis im Bibliothekskatalog
Schulbuchspezifische Eigenschaften:
Tags: Tag hinzufügen
Keine Tags, Fügen Sie den ersten Tag hinzu!
Hinzugefügt zu:09.02.2019
Geändert in:07.05.2025

MARC

LEADER 00000cam a2200000#i 4500
005 20250507134552.0
008 190210s1950 espa fp 000 00spa0
040 |a uned  |b spa  |c entro-manes 
100 1 |a Bruño, G. M.  |9 6 
245 1 0 |a Tratado de geometría :   |b tercer grado 
260 |a Madrid :   |b Bruño,   |c 1950 
300 |a 416 p. :   |b il. 
500 |a Precede al tít.: Ediciones Bruño 
546 |a España 
561 |5 es-BUNED  |3 L.T. 2583  |a España. Fondo Manes UNED  |k MANES 
690 0 |a MATE 
691 0 |a PRI 
942 |2 ddc  |c BK 
999 |c 97513  |d 97513 
999 |c manes:97513  |d 97513